| 000 | 00916nam a2200253Ia 4500 | ||
|---|---|---|---|
| 008 | 130821s2004 ag gr spa | ||
| 020 | _a9505575963 | ||
| 040 |
_aCo-BoUCM _bspa |
||
| 041 | 0 | 0 | _aspa |
| 100 | 1 |
_aRicoeur, Paul _d1913-2005 _972162 |
|
| 245 | 1 | 3 |
_aLa memoria, la historia, el olvido. _cPaul Ricoeur; traducción de Agustín Neira |
| 260 |
_aBuenos Aires (Argentina) _bFondo de Cultura Económica _c2004 |
||
| 300 | _a673 páginas | ||
| 490 | 0 | _aSección de Obras de Filosofía | |
| 504 | _aIncluye bibliografía e índices temático, de autores y obras citadas. | ||
| 650 | 0 | 4 |
_aFilosofía de la historia _915763 |
| 650 | 0 | 4 |
_aFilosofía francesa _915814 |
| 650 | 0 | 4 |
_aFilosofía _975 |
| 650 | 0 | 4 |
_aMemoria _919277 |
| 700 | 1 |
_aNeira, Agustín. _etrad. _986114 |
|
| 765 | _aLa mémorie, l'histoire, lóbli | ||
| 942 |
_cLIBRO _2DEWEY _a2 _e1 _h128.3 _mR541m |
||
| 999 |
_c49943 _d49943 |
||